000 00388nam a2200145Ia 4500
005 20251222140039.0
008 251222s1900||||xx |||||||||||||| ||spa||
020 _a846024407
082 _a199.99/C76
100 _aConill Sancho, Jesús
245 0 _aEl Tiempo en la Filosofía de Aristóteles:
250 _a1ra. ed.
264 _bFacultad de Teología San Vicente Ferrer
942 _cLIB
999 _c3212
_d3212